Χρήση υπολογιστή και διαχείριση αρχείων : ελληνικά Windows 98 : ενότητα 2
Αποθηκεύτηκε σε:
| Κύριος συγγραφέας: | |
|---|---|
| Μορφή: | Βιβλίο |
| Γλώσσα: | Greek |
| Δημοσίευση: |
Αθήνα :
Κλειδάριθμος,
2001.
|
| Θέματα: | |
| Ετικέτες: |
Προσθήκη ετικέτας
Δεν υπάρχουν, Καταχωρήστε ετικέτα πρώτοι!
|
MARC
| LEADER | 00000cam a2200000 i 4500 | ||
|---|---|---|---|
| 001 | 1/27817 | ||
| 008 | 020927s2001 gr | ||| |||| ||gre|| | ||
| 020 | |a 9602094842 | ||
| 035 | |l 10068505 | ||
| 040 | |a GR-MyUa |b gre |e AACR2 | ||
| 041 | 0 | |a gre | |
| 082 | 7 | |a 005.4469 |2 (22) | |
| 100 | 1 | |a Γουλτίδης, Χρήστος Γ. | |
| 245 | 1 | 0 | |a Χρήση υπολογιστή και διαχείριση αρχείων : |b ελληνικά Windows 98 : ενότητα 2 / |c Χρήστος Γουλτίδης. |
| 260 | |a Αθήνα : |b Κλειδάριθμος, |c 2001. | ||
| 300 | |a 246 σ. : |b εικ. ; |c 24 εκ. + |e 1 οπτικός δίσκος Η/Υ (4 3/4 ιν.) | ||
| 500 | |a Οδηγός επιτυχίας για το δίπλωμα ECDL 3.0 = European Computer Driving Licence. | ||
| 504 | |a Περιλαμβάνει ευρετήριο. | ||
| 630 | 0 | 0 | |a Microsoft Windows (Computer file) |
| 630 | 0 | 0 | |a European Computer Driving Licence. |
| 650 | 0 | |a Electronic data processing personnel |x Certification |z Europe. | |
| 650 | 0 | |a File processing (Computer science) | |
| 852 | |a INST |b LESVOS |e 20020927 |h 005.4469 ΓΟΥ |p 005100025050 |q 005100025050 |t BK |y 0 | ||
| 852 | |a INST |b LESVOS |e 20020927 |h 005.4469 ΓΟΥ |p 005100025052 |q 005100025052 |t BK |y 0 | ||
| 852 | |a INST |b LESVOS |e 20020927 |h 005.4469 ΓΟΥ |p 005100025054 |q 005100025054 |t BK |y 0 | ||
| 852 | |a INST |b LESVOS |e 20020927 |h 005.4469 ΓΟΥ |p 005100025056 |q 005100025056 |t BK |y 0 | ||
| 852 | |a INST |b LESVOS |e 20031021 |h 005.4469 ΓΟΥ |p 005100026772 |q 005100026772 |t BK |y 0 | ||
| 852 | |a INST |b LESVOS |e 20020927 |h 005.4469 ΓΟΥ |p 005100025049 |q 005100025049 |t BK |y 0 | ||
| 852 | |a INST |b LESVOS |e 20020927 |h 005.4469 ΓΟΥ |p 005100025051 |q 005100025051 |t BK |y 0 | ||
| 852 | |a INST |b LESVOS |e 20020927 |h 005.4469 ΓΟΥ |p 005100025053 |q 005100025053 |t BK |y 0 | ||
| 852 | |a INST |b LESVOS |e 20020927 |h 005.4469 ΓΟΥ |p 005100025055 |q 005100025055 |t BK |y 0 | ||
| 852 | |a INST |b LESVOS |e 20031021 |h 005.4469 ΓΟΥ |p 005100026771 |q 005100026771 |t BK |y 0 | ||
| 901 | |a BIBL1-2002-3 | ||
| 922 | |a 1ΕΛΗ |b 200209 |c ΤΑΚ/ΚΥΒ |d ΠΑΠΑΣΩΤΗΡΙΟΥ | ||
| 950 | |a 023-2002-08-29 | ||
| 970 | |a Καμάτσου |b Δέσποινα |z 2002/09/27 | ||